| 000 | 00466nam a2200157 a 4500 | ||
|---|---|---|---|
| 005 | 20140412111254.0 | ||
| 008 | 000824s19uu xx 00 eng d | ||
| 020 | _a1-55037-502-4 | ||
| 050 |
_aTR(PS E _bYa1 1996 |
||
| 100 | _aHutchins, Hazel | ||
| 245 |
_aYancy and Bear / _cby Hazel J. Hutchins ; Art Ruth Ohio. |
||
| 260 |
_aBuffalo, NY : _bAnnick Press (U.S.) Ltd, _c1996. |
||
| 300 | _a1 v. (unp.) ; ill. | ||
| 650 | _aBears stories-Fiction | ||
| 999 |
_c103207 _d103207 |
||